| 000 | 00956nam a22002537a 4500 | ||
|---|---|---|---|
| 005 | 20170124103017.0 | ||
| 010 | _aB-187487 | ||
| 020 |
_c150.00 _a818813960 |
||
| 035 | _aB-187487 | ||
| 037 | _bCen Lib/Ret | ||
| 040 |
_aDPL _bHN |
||
| 082 |
_aक _bविद्याभू |
||
| 100 |
_aविद्याभूषण _943304 |
||
| 245 |
_aनायाब नर्सरी / _cविद्याभूषण |
||
| 246 |
_aNayab nursery / _bby Vidyabhooshan |
||
| 260 |
_aदिल्ली _bज्ञान गंगा _c2005 |
||
| 270 |
_a२०५-सी चावड़ी बाज़ार _bदिल्ली _e110006 |
||
| 300 |
_a124पृ. _c19सेमी(सजिल्द) |
||
| 650 |
_aहिंदी साहित्य _959348 |
||
| 650 |
_aहिंदी कहानी _959349 |
||
| 650 |
_aHindi literature _959350 |
||
| 650 |
_aHindi stories _959351 |
||
| 942 |
_2ddc _cHN _hक _mविद्याभू |
||
| 999 |
_c114987 _d114987 |
||